|
|
|
|
| LEADER |
00000nam0a2200000 4500 |
| 001 |
153882 |
| 005 |
20231031151609.0 |
| 035 |
|
|
|a (RuTPU)RU\TPU\book\166928
|
| 090 |
|
|
|a 153882
|
| 100 |
|
|
|a 20090218d1971 de y0rusy50 ca
|
| 101 |
1 |
|
|a rus
|b ger
|
| 102 |
|
|
|a RU
|
| 105 |
|
|
|a a z 000ay
|
| 200 |
1 |
|
|a Волшебный рог мальчика
|e из немецкой народной поэзии
|e для среднего и старшего школьного возраста
|f пер. с нем., предисл. и коммент. Л. Гинзбург ; худож. Е. Мешков
|
| 210 |
|
|
|a Москва
|c Детская литература
|d 1971
|
| 215 |
|
|
|a 96 с.
|c ил.
|
| 333 |
|
|
|a Исключено из фонда НТБ ТПУ
|
| 702 |
|
1 |
|a Гинзбург
|b Л.
|g Лев
|4 730
|
| 702 |
|
1 |
|a Мешков
|b Е.
|4 440
|
| 801 |
|
1 |
|a RU
|b 63413507
|c 20090218
|g PSBO
|
| 801 |
|
2 |
|a RU
|b 63413507
|c 20131021
|g RCR
|
| 942 |
|
|
|c BK
|